000 00488nam a22001937a 4500
003 CEME
005 20210628205100.0
008 210224b xxu||||| |||| 00| 0 eng d
020 _a0-8186-7738-4
040 _c.
082 _a005.1 SOF'R
100 _aDavis, A. M Dorfman, Marlin Thayer, R. H
_973781
245 _aSoftware requirements engineering
250 _a2ND
260 _aLONDO
_bIEEE
_c1997
300 _a483P
650 _aSOFTWARE ENGINEERING
_92256
942 _cBK
_2ddc
999 _c579427
_d579427